008880000a22002170004500090001400000245012400014650002400138650002700162650003000189650002900219650003900248651002600287653002900313041001300342700002500355100002600380942001300406773007600419999001700495952015800512 aARb0248010aTaxonomic and nomenclatorial notes on bats of the genus Clossophaga in North America, with description of a new species14aMurciélagos9265914aNuevas especies99290514aMorfología animal9995314aTaxonomía animal9824514aDistribución geográfica992997 4pEstados Unidos992749 gGlossophagaeGlossophaga0 aInglés1 aJones, J. Knox994981 aWebster, David994631 cARTICULO1 tOccasional Papers: Museum of Texas Tech University3430h71q1-12d1980 c11547d11547 001040718HEMEROTECAaBogotabBogotad2015-02-27hFuera de circulaciónl0oAR 02480p012889r2015-03-25 00:00:00t1w2015-03-25xDonaciónyARTICULO